Sehenswürdigkeiten Österreichs #5 - Statistiken

Allgemein
  • Dieses Quiz wurde 56 mal gespielt
  • Das Durchschnittsergebnis liegt bei 3 aus 9
Antwortstatistiken
Bildquiz Antwort % Korrekt
Lindwurm
94%
Minimundus
80%
Pasterze
51%
Hochosterwitz
35%
Klagenfurter Dom
16%
Klagenfurter Landhaus
10%
Nassfeld
6%
Obir-Tropfsteinhöhlen
4%
Maltakraftwerke
2%
Keine übereinstimmenden Quizze gefunden
Verteilung der Resultate
Anzahl Personen mit jedem Resultat
Perzentil nach korrekt beantworteten Fragen
Ihre Resultats-Entwicklung
Sie haben dieses Quiz noch nicht gespielt